Exam time.

We return to the two Palestinian schools as the end-of-year exam season gets underway. Straight away there is tension between Daes Abu Kishik, headteacher of King Talal boys school, and his staff as they argue over the latest directive from the Education Ministry concerning exam timetables. The stud...

Full description

Bibliographic Details
Corporate Author: Al Jazeera (Producer)
Format: Video
Language:English
Language Notes:This edition in English.
Published: [England] : Teachers TV/UK Dept. of Education, 2008.
Series:Education in video
Return to two schools in Nablus ; 1
Subjects:
Online Access:Connect to this streaming video (Alexander Street Press)

MARC

Tag First Indicator Second Indicator Subfields
LEADER 00000cgm a2200000Ma 4500
001 in00005549813
006 m o c
007 cr |n|---||a|a
007 vz |zazu|
008 120229s2008 enk046 o vleng d
005 20241201230501.2
035 |a (OCoLC)ocn808818340 
040 |a ALSTP  |b eng  |e pn  |c ALSTP  |d OCLCO  |d OCLCQ  |d VMC  |d OCLCQ  |d OCLCA  |d OCLCF  |d OCLCQ  |d OCLCA  |d OCLCQ  |d OCLCO  |d OCLCQ  |d MNI  |d INT  |d OCLCQ  |d WYU  |d OCLCA  |d ORU  |d OCLCO  |d OCLCL 
035 |a (OCoLC)808818340 
043 |a awba--- 
050 4 |a AE5  |b .A940 Internet 
049 |a TXAM 
245 0 0 |a Exam time. 
260 |a [England] :  |b Teachers TV/UK Dept. of Education,  |c 2008. 
300 |a 1 online resource (46 min.). 
336 |a two-dimensional moving image  |b tdi  |2 rdacontent 
337 |a computer  |b c  |2 rdamedia 
338 |a online resource  |b cr  |2 rdacarrier 
490 0 |a Education in video 
490 0 |a Return to two schools in Nablus ;  |v 1 
500 |a Title from resource description page (viewed Mar. 5, 2012). 
520 |a We return to the two Palestinian schools as the end-of-year exam season gets underway. Straight away there is tension between Daes Abu Kishik, headteacher of King Talal boys school, and his staff as they argue over the latest directive from the Education Ministry concerning exam timetables. The students too are struggling with the exam pressures. Osaid Salami spent many months in an Israeli jail earlier in the year, to the great cost of his education, and the exams are a challenge for him. At Hajja Rushda girls school there are different kinds of pressures as students like Lina Haddad push to achieve top marks. All this amid general exam fever, over-crowded classes and yet more students imprisoned. All the usual pressures of exam time in schools are met with the very particular pressures of school life under an occupation. 
546 |a This edition in English. 
650 0 |a Educational tests and measurements  |z West Bank  |z Nablus. 
650 0 |a Examinations  |z West Bank  |z Nablus. 
650 0 |a Education  |z West Bank  |z Nablus. 
650 6 |a Tests et mesures en éducation  |z Cisjordanie  |z Naplouse. 
650 6 |a Examens  |z Cisjordanie  |z Naplouse. 
650 7 |a Education.  |2 fast  |0 (OCoLC)fst00902499 
650 7 |a Educational tests and measurements.  |2 fast  |0 (OCoLC)fst00903660 
650 7 |a Examinations.  |2 fast  |0 (OCoLC)fst00917492 
651 7 |a West Bank  |z Nablus.  |2 fast  |0 (OCoLC)fst01224676  |1 https://id.oclc.org/worldcat/entity/E39PBJgt8Vk9wH4fX4bdCcJYyd 
655 4 |a Alexander Street Video. 
655 7 |a Documentary television programs.  |2 fast  |0 (OCoLC)fst01710387 
655 7 |a Nonfiction television programs.  |2 fast  |0 (OCoLC)fst01710270 
655 7 |a Nonfiction television programs.  |2 lcgft 
655 7 |a Documentary television programs.  |2 lcgft 
655 7 |a Émissions télévisées autres que de fiction.  |2 rvmgf 
655 7 |a Documentaires télévisés.  |2 rvmgf 
710 2 |a Al Jazeera.  |4 pro 
776 0 8 |i Print version:  |t Exam time.  |d [England] : Teachers TV/UK Dept. of Education, 2008 publisher catalog number  |o J/2994/001 
856 4 0 |u http://proxy.library.tamu.edu/login?url=https://www.aspresolver.com/aspresolver.asp?AVN2;1782402  |z Connect to this streaming video (Alexander Street Press)  |t 0 
955 |a Alexander Street Press subscription streaming video 
994 |a 92  |b TXA 
999 f f |s 92c842f6-4ecb-4153-a701-ceaf8bb9c89d  |i 40cd4342-7aba-4cf5-afcd-15fed12f0205  |t 0 
952 f f |a Texas A&M University  |b College Station  |c Electronic Resources  |d Available Online  |t 0  |e AE5 .A940 Internet  |h Library of Congress classification 
998 f f |a AE5 .A940 Internet  |t 0  |l Available Online